000 00368nam a22001217a 4500
008 160613b xxu||||| |||| 00| 0 eng d
020 _a9780803618589
020 _a0803618581
041 _aeng
080 _a618.2
245 _aNurse's pocket guide / Diagnoses, prioritized interventions, and rationales:
_cMarilynn E. Doenges; Mary Frances Moorhouse;
942 _2udc
_cBK
999 _c2462
_d2462